000 00702nam a2200289Ia 4500
005 20260324141938.0
008 008 260324s9999 xx 000 0 eng d
020 _a9780203054413
037 _aEBOOK
040 _aCRL
040 _beng
040 _cCRL
041 _2eng
041 _aeng
084 _qCRL
100 _aLinda Kay Davidson; Maryjane Dunn
_91210107
245 4 _aThe Pilgrimage to Compostela in the Middle Ages
245 2 _bA Book of Essays
260 _bTaylor and Francis
260 _c1996
365 _a
365 _b230
856 _uhttp://www.taylorfrancis.com/books/9780203054413
942 _cEBOOK
999 _c1813738
_d1813738